La promoción de medicamentos dirigida a profesionales sanitarios (Registro nro. 165715)

Detalles MARC
000 -LEADER
fixed length control field 03000nam a22002657a 4500
007 - PHYSICAL DESCRIPTION FIXED FIELD--GENERAL INFORMATION
fixed length control field cr|||| ||||
008 - FIXED-LENGTH DATA ELEMENTS--GENERAL INFORMATION
fixed length control field 180314s2013 es |||||s|||| 00||0 spa d
020 ## - INTERNATIONAL STANDARD BOOK NUMBER
International Standard Book Number 978-84-91233-84-8
035 ## -
-- 21063
040 ## - CATALOGING SOURCE
Original cataloging agency vLex
090 ## -
-- 7477
-- 7477
100 1# - MAIN ENTRY--PERSONAL NAME
Personal name García Vidal, Ángel
245 12 - TITLE STATEMENT
Title La promoción de medicamentos dirigida a profesionales sanitarios
Medium [Recurso electrónico] :
Remainder of title Estudio desde la perspectiva del derecho mercantil /
Statement of responsibility, etc Ángel García Vidal
256 ## -
-- Servicio en línea
260 ## - PUBLICATION, DISTRIBUTION, ETC. (IMPRINT)
Place of publication, distribution, etc Madrid:
Name of publisher, distributor, etc Marcial Pons,
Date of publication, distribution, etc 2013
300 ## - PHYSICAL DESCRIPTION
Extent 1 recurso electrónico
500 ## - GENERAL NOTE
General note La promoción de los medicamentos por parte de los laboratorios farmacéuticos tiene como destinatarios principales a los profesionales que pueden prescribirlos y dispensarlos. Esta actividad promocional ha dado lugar a una amplia y compleja normativa reguladora tanto en el ámbito de la Unión Europea como en los ordenamientos de los Estados miembros, además de a un extenso conjunto de disposiciones de autorregulación aprobadas por la propia industria farmacéutica. La presente obra tiene por objeto el estudio de toda esta normativa, en relación con los medicamentos de uso humano, y desde el punto de vista del Derecho mercantil. Tras identificar la normativa publicitaria especial en materia de promoción de medicamentos, se examina el ámbito de aplicación de esta normativa, para lo cual se delimitan los conceptos de medicamento y de publicidad, así como la figura de los profesionales sanitarios facultados para prescribir y dispensar medicamentos. Acto seguido, se analiza con detenimiento la prohibición de hacer publicidad de medicamentos que no hayan obtenido la autorización de comercialización, las consecuencias del principio de objetividad y la prohibición de publicidad engañosa. Posteriormente, se examina la obligación de incluir información sobre los fármacos promocionados, el uso de informes y estudios científicos en la publicidad, la publicidad por medio de visitadores y la prohibición de promocionar medicamentos por medio de incentivos, primas y ventajas. En el estudio de todos estos problemas –de innegable trascendencia práctica– el autor realiza un exhaustivo análisis de la jurisprudencia comunitaria, nacional y comparada, así como de las resoluciones del Jurado de Autocontrol.
506 1# - RESTRICTIONS ON ACCESS NOTE
Terms governing access Disponible solo en los productos indicados
Authorized users vLex Global
-- vLex Global (Academic Edition, excluding Law Schools)
-- vLex Global (U.S. Academic Edition, Law Schools)
-- vLex Global (U.S. Academic Edition, excluding Law Schools)
-- vLex Global (Academic Edition, Law Schools)
650 04 - SUBJECT ADDED ENTRY--TOPICAL TERM
Topical term or geographic name as entry element Derecho Mercantil y de la Empresa
Geographic subdivision España
650 04 - SUBJECT ADDED ENTRY--TOPICAL TERM
Topical term or geographic name as entry element Derecho Público y Administrativo
Geographic subdivision España
740 0# -
-- vLex Libros (Servicio en línea)
856 40 - LOCALIZACIÓN Y ACCESO ELECTRÓNICO
Identificador Uniforme del Recurso (URI/URL) https://app.vlex.com/#/sources/promocion-de-medicamentos-dirigida-a-profesionales-sanitarios-estudio-desde-la-perspectiva-del-derecho-mercantil-21063
942 ## -
-- RAA
999 ## -
-- 165715
-- 165715

No hay ítems disponibles.


CONTACTO


NOSOTROS


SITIOS DE INTERES

coordinacion.biblioteca.biblioteca@unienlinea.mx Misión, Visión y Objetivos Bases de datos
Directorio Bibliotecas Digitales y Repositorios
Normatividad Revistas y artículos
Convenios interbibliotecarios
Boletines



Hecho en México. Universidad Insurgentes (UIN). Todos los derechos reservados 2024. Esta página y sus contenidos pueden ser reproducidos con fines no lucrativos, siempre y cuando no se mutile, se cite la fuente completa y su dirección electrónicas. De otra forma requiere permiso previo por escrito de la institución




2024 Copyright Universidad Insurgentes | www.bibliouin.com.mx